000 00333 a2200121 4500
001 149701
040 _cEscola São Tomás de Aquino
100 _aBELINGINI, Ruth
240 1 0 _aPequenas histórias de plantar e colher
_lpor
245 1 0 _aPequenas histórias de plantar e colher
697 _a*LITERATURA INFANTO JUVENIL
942 _cBK
999 _c149701
_d149701